ソフトバンクグループを選ぶ -サドンデス- - Statistics

General Stats
  • This quiz has been taken 185 times
  • The average score is 5 of 12
Answers on the Grid
Answers color-coded by a green-red scale on the quiz's grid according to % correct below.
ソフトバンク
NTTドコモ
AU
ahamo
ワイモバイル
楽天モバイル
PayPay
QUICPay
WAON
Yahoo!
Bing
goo
Instagram
Facebook
LINE
UberEATS
出前館
Wolt
スワローズ
(プロ野球)
イーグルス
(プロ野球)
ホークス
(プロ野球)
ユニクロ
ZOZOTOWN
GU
たのめーる
アスクル
モノタロウ
メルカリ
ヤフオク
ラクマ
ふるなび
ふるさとチョイス
さとふる
オッズパーク
ウィンチケット
即PAT
 
Answer Stats
Answer % Correct
ソフトバンク
99%
ホークス
(プロ野球)
70%
PayPay
64%
Yahoo!
59%
ワイモバイル
50%
ヤフオク
48%
LINE
43%
ZOZOTOWN
22%
出前館
20%
さとふる
16%
オッズパーク
10%
アスクル
9%
No matching quizzes found
Score Distribution
Percent of People with Each Score
Percentile by Number Answered
Your Score History
You have not taken this quiz